Farmaceutický encyklopedický slovník

Gespeichert in:
Bibliographische Detailangaben
1. Verfasser: Kuchař, Miroslav 1935- (Verfasst von, Herausgegeben von)
Format: Buch
Sprache:Tschechisch
Veröffentlicht: Praha Vysoká škola chemicko-technologická v Praze 2014
Ausgabe:1. vyd.
Schlagworte:
Online-Zugang:Im OPAC anzeigen
Tags: Tag hinzufügen
Keine Tags, Fügen Sie das erste Tag hinzu!

MARC

LEADER 00000nam a2200000 a 4500
005 20260127134358.0
008 151012 2014 000 0 cze d
020 |a 9788070808764 
035 |a vtls010964968 
039 9 |y 201510121204  |z mschk03 
040 |a STUSCHK1  |b slo  |c STUSCHK1  |e AACR2 
080 |a 615.1 œ2 MRF 
080 |a 81'373.46 œ2 MRF 
080 |a (038)81  |2 MRF 
080 |a (038.072)  |2 MRF 
245 1 |a Farmaceutický encyklopedický slovník  |c zpracoval kolektiv autorů pod vedením Miroslava Kuchaře 
250 |a 1. vyd. 
260 |a Praha  |b Vysoká škola chemicko-technologická v Praze  |c 2014 
300 |a 830 s.  |i l.  |c 25 cm 
500 |a Seznam anglických termínů s českými ekvivalenty 
546 |a České a anglické resumé 
650 0 |a farmacie  |7 ph114525  |2 czenas 
650 0 |a Pharmacy  |2 eczenas 
700 1 |a Kuchař, Miroslav  |d 1935-  |7 jk01070734  |4 aut  |4 edt 
910 |a SCHK95 
919 |a 978-80-7080-876-4 
999 |c 11302  |d 11302